[Event "CZE-chT2F 2122"]
[Site "Czech Republic"]
[Date "2021.11.21"]
[Round "3.7"]
[White "Zajicek, Tomas"]
[Black "Sedlacek, Jiri"]
[Result "1/2-1/2"]
[WhiteElo "1931"]
[BlackElo "1866"]
[PlyCount "84"]
[EventDate "2021.10.17"]
[EventType "team-tourn"]
[EventRounds "11"]
[EventCountry "CZE"]
[SourceTitle "EXT 2024"]
[Source "ChessBase"]
[SourceDate "2023.10.10"]
[SourceVersion "1"]
[SourceVersionDate "2023.10.10"]
[SourceQuality "1"]
[WhiteTeam "Prostejov"]
[BlackTeam "Frydek Mistek III"]
[WhiteTeamCountry "CZE"]
[BlackTeamCountry "CZE"]

1. e4 e6 2. d4 d5 3. Nd2 c5 4. exd5 exd5 5. Bb5+ Bd7 6. Bxd7+ Nxd7 7. Ndf3 Ngf6 8. Ne2 Bd6 9. 0-0 h6 10. Bf4 Qc7 11. Bxd6 Qxd6 12. dxc5 Nxc5 13. c4 0-0 14. b4 Ne6 15. c5 Qc7 16. Ned4 Nxd4 17. Nxd4 Qd7 18. Qd3 Rfe8 19. a4 Re4 20. f3 Re5 21. b5 Rae8 22. c6 Qc8 23. Rfc1 Rg5 24. Re1 bxc6 25. bxc6 Rd8 26. Rac1 Qh3 27. Qd2 Qc8 28. c7 Re8 29. Rxe8+ Nxe8 30. Nb5 Nxc7 31. Qf4 Qe6 32. Nxc7 Qb6+ 33. Kh1 Qf2 34. g3 Rh5 35. h4 g6 36. Rg1 Rf5 37. Qg4 h5 38. Qb4 Qxf3+ 39. Kh2 Qe2+ 40. Rg2 Rf2 41. Qb8+ Kh7 42. Rxf2 Qxf2+ 1/2-1/2

[Event "Pardubice Czech op-A 31st"]
[Site "Pardubice"]
[Date "2020.09.26"]
[Round "7"]
[White "Jun, Rudolf Jr"]
[Black "Sedlacek, Jiri"]
[Result "1-0"]
[WhiteElo "2106"]
[BlackElo "1927"]
[PlyCount "81"]
[EventDate "2020.09.21"]
[EventType "swiss"]
[EventRounds "9"]
[EventCountry "CZE"]
[SourceTitle "CBM 198 Extra"]
[Source "ChessBase"]
[SourceDate "2020.11.30"]
[SourceVersion "1"]
[SourceVersionDate "2020.11.30"]
[SourceQuality "1"]

1. e4 d5 2. exd5 Qxd5 3. Nf3 Bg4 4. Be2 Nc6 5. Nc3 Qd7 6. h3 Bxf3 7. Bxf3 Nf6 8. d3 0-0-0 9. Be3 Nd4 10. a4 e5 11. 0-0 a6 12. Rb1 Bb4 13. Ne4 Nxf3+ 14. Qxf3 Nxe4 15. dxe4 f6 16. c3 Ba5 17. b4 Bb6 18. Rfd1 Qe6 19. Bxb6 cxb6 20. Rd5 Rd7 21. c4 Kb8 22. Rbd1 Rc7 23. Qd3 Rhc8 24. Rc1 Qe8 25. Qb3 Qe7 26. Kh2 Rc6 27. b5 axb5 28. axb5 Rc5 29. Qa3 f5 30. Ra1 Qe6 31. Qa7+ Kc7 32. Rxc5+ bxc5 33. Qxc5+ Kb8 34. Qa7+ Kc7 35. c5 Qc4 36. c6 Rb8 37. b6+ Kxc6 38. Qxb8 Qxe4 39. Qc7+ Kb5 40. Ra2 Qd4 41. Qxb7 1-0

[Event "CZE-chT2F 1920"]
[Site "Czech Republic"]
[Date "2020.01.26"]
[Round "7.8"]
[White "Sedlacek, Jiri"]
[Black "Sobek, Martin"]
[Result "1/2-1/2"]
[WhiteElo "1882"]
[BlackElo "1930"]
[PlyCount "43"]
[EventDate "2019.10.13"]
[EventType "team-tourn"]
[EventRounds "11"]
[EventCountry "CZE"]
[SourceTitle "EXT 2024"]
[Source "ChessBase"]
[SourceDate "2023.10.10"]
[SourceVersion "1"]
[SourceVersionDate "2023.10.10"]
[SourceQuality "1"]
[WhiteTeam "Frydek Mistek  III"]
[BlackTeam "Karvina"]
[WhiteTeamCountry "CZE"]
[BlackTeamCountry "CZE"]

1. b4 d5 2. Bb2 Bf5 3. e3 e6 4. a3 Nf6 5. Nf3 Nbd7 6. c4 dxc4 7. Bxc4 Nb6 8. Be2 Be7 9. d4 0-0 10. Nc3 Nbd5 11. Nxd5 Nxd5 12. 0-0 Bd6 13. Bd3 Bxd3 14. Qxd3 Qf6 15. Rfe1 a5 16. bxa5 Rxa5 17. e4 Nf4 18. Qc3 Rh5 19. e5 Qg6 20. g3 Nd5 21. Qb3 Be7 22. Rad1 1/2-1/2

[Event "CZE-chT2F 1920"]
[Site "Czech Republic"]
[Date "2019.12.15"]
[Round "5.8"]
[White "Sedlacek, Jiri"]
[Black "Maj, Svatopluk"]
[Result "1/2-1/2"]
[WhiteElo "1875"]
[BlackElo "1905"]
[PlyCount "43"]
[EventDate "2019.10.13"]
[EventType "team-tourn"]
[EventRounds "11"]
[EventCountry "CZE"]
[SourceTitle "EXT 2024"]
[Source "ChessBase"]
[SourceDate "2023.10.10"]
[SourceVersion "1"]
[SourceVersionDate "2023.10.10"]
[SourceQuality "1"]
[WhiteTeam "Frydek Mistek  III"]
[BlackTeam "Vrbno pod Pradedem"]
[WhiteTeamCountry "CZE"]
[BlackTeamCountry "CZE"]

1. d4 Nf6 2. Nf3 g6 3. g3 Bg7 4. Bg2 d5 5. 0-0 0-0 6. Nbd2 b6 7. c4 e6 8. Qc2 Bb7 9. Re1 Nbd7 10. b4 dxc4 11. Qxc4 Rc8 12. e4 c5 13. bxc5 bxc5 14. Rb1 Nb6 15. Qd3 cxd4 16. Qxd4 Qe7 17. Qb4 Qxb4 18. Rxb4 Rc2 19. Bb2 Nfd7 20. Rb1 Nc5 21. Bxg7 Kxg7 22. Ra1 1/2-1/2

[Event "Pardubice Czech op-B 30th"]
[Site "Pardubice"]
[Date "2019.07.19"]
[Round "1"]
[White "Aliferenko, Aleksei"]
[Black "Sedlacek, Jiri"]
[Result "1-0"]
[WhiteElo "2242"]
[BlackElo "1893"]
[PlyCount "123"]
[EventDate "2019.07.19"]
[EventType "swiss"]
[EventRounds "9"]
[EventCountry "CZE"]
[SourceTitle "EXT 2020"]
[Source "ChessBase"]
[SourceDate "2019.10.17"]
[SourceVersion "1"]
[SourceVersionDate "2019.10.17"]
[SourceQuality "1"]

1. Nf3 Nf6 2. c4 e6 3. e3 d5 4. b3 Be7 5. Bb2 0-0 6. Qc2 Nbd7 7. Nc3 c6 8. d4 a6 9. Bd3 h6 10. 0-0-0 dxc4 11. Bxc4 Qa5 12. Kb1 Nb6 13. Ne5 Nxc4 14. Nxc4 Qc7 15. Ne5 Nd5 16. Rc1 Bd7 17. g4 Be8 18. Nxd5 exd5 19. h4 f6 20. Ng6 Bxg6 21. Qxg6 Qd6 22. f4 f5 23. gxf5 Qf6 24. Rcg1 Qxf5+ 25. Qxf5 Rxf5 26. h5 Rff8 27. Kc2 Bf6 28. Kd3 Rfe8 29. Ba3 Re6 30. Rh3 Rae8 31. Rg6 Bd8 32. f5 Re4 33. Bd6 Kf7 34. Be5 Rg8 35. Rhg3 Bg5 36. f6 gxf6 37. Rxg8 Kxg8 38. Bxf6 Kf7 39. Bxg5 hxg5 40. Rxg5 Rh4 41. Re5 Rh2 42. a4 Rb2 43. Kc3 Rb1 44. a5 Kf6 45. Re8 Rh1 46. Rb8 Rxh5 47. Rxb7 Kf5 48. Rb6 Rh1 49. Rxa6 Ke4 50. Ra8 Kxe3 51. Re8+ Kf4 52. Kb4 Ra1 53. Re6 Rc1 54. a6 Kf5 55. a7 Ra1 56. Re7 Kf4 57. Kc5 Ra6 58. b4 Kf5 59. b5 cxb5 60. Kxb5 Ra1 61. Kb6 Kf4 62. Re8 1-0

[Event "Pardubice Czech op-B 28th"]
[Site "Pardubice"]
[Date "2017.07.27"]
[Round "7"]
[White "Urh, Zala"]
[Black "Sedlacek, Jiri"]
[Result "1-0"]
[WhiteElo "2088"]
[BlackElo "1976"]
[PlyCount "63"]
[EventDate "2017.07.21"]
[EventType "swiss"]
[EventRounds "9"]
[EventCountry "CZE"]
[SourceTitle "CBM 179 Extra"]
[Source "ChessBase"]
[SourceDate "2017.08.23"]
[SourceVersion "1"]
[SourceVersionDate "2017.08.23"]
[SourceQuality "1"]

1. d4 Nf6 2. c4 e5 3. dxe5 Ng4 4. Nf3 Bc5 5. e3 Nc6 6. Be2 Ngxe5 7. Nxe5 Nxe5 8. 0-0 0-0 9. Nc3 Re8 10. b3 a5 11. Bb2 Ra6 12. Qd5 Bf8 13. c5 Rh6 14. Rad1 d6 15. Qd4 Nc6 16. Qf4 Rh4 17. Qg3 Re6 18. Nd5 Ne5 19. Nxc7 Rg6 20. Qxe5 Qxc7 21. cxd6 Bxd6 22. Rxd6 Qxd6 23. Rd1 Rxg2+ 24. Kxg2 Qg6+ 25. Qg3 Bh3+ 26. Kg1 h6 27. Rd8+ Kh7 28. Bd3 f5 29. Rh8+ Kxh8 30. Qxg6 Rg4+ 31. Qxg4 Bxg4 32. Kg2 1-0

[Event "Pardubice Czech op-B 28th"]
[Site "Pardubice"]
[Date "2017.07.24"]
[Round "4"]
[White "Sedlacek, Jiri"]
[Black "Okun, Evgeny"]
[Result "0-1"]
[WhiteElo "1976"]
[BlackElo "2144"]
[PlyCount "90"]
[EventDate "2017.07.21"]
[EventType "swiss"]
[EventRounds "9"]
[EventCountry "CZE"]
[SourceTitle "CBM 179 Extra"]
[Source "ChessBase"]
[SourceDate "2017.08.23"]
[SourceVersion "1"]
[SourceVersionDate "2017.08.23"]
[SourceQuality "1"]

1. c4 e5 2. Nc3 Nc6 3. g3 Bc5 4. Bg2 d6 5. e3 a6 6. Nge2 Ba7 7. 0-0 h5 8. h3 h4 9. g4 f5 10. f3 Nf6 11. Nd5 Be6 12. Nec3 Qd7 13. Nxf6+ gxf6 14. Nd5 Bxd5 15. cxd5 Ne7 16. Qb3 Qb5 17. Qxb5+ axb5 18. Kh1 f4 19. e4 Kd7 20. Rd1 Bd4 21. a3 c6 22. Bf1 Kc7 23. dxc6 bxc6 24. Rb1 b4 25. axb4 Rhb8 26. b5 cxb5 27. b3 Ra2 28. Bd3 Kb6 29. Kg2 Nc6 30. Kf1 Nb4 31. Be2 Rc8 32. Re1 Nc2 33. Rd1 Nb4 34. Re1 Rca8 35. Rd1 R8a7 36. Re1 Kc5 37. Rd1 Ra1 38. Bb2 Bxb2 39. Rxb2 Rxd1+ 40. Bxd1 Ra1 41. Ke2 Kd4 42. d3 Kc3 43. Rd2 Ra2 44. Rxa2 Nxa2 45. Kf1 Kd2 0-1

[Event "CZE-chT2A 1415"]
[Site "Czech Republic"]
[Date "2014.11.30"]
[Round "3.3"]
[White "Jancarik, Joel"]
[Black "Sedlacek, Jiri"]
[Result "1-0"]
[WhiteElo "2281"]
[BlackElo "2043"]
[PlyCount "35"]
[EventDate "2014.11.02"]
[EventType "team-tourn"]
[EventRounds "11"]
[EventCountry "CZE"]
[SourceTitle "EXT 2022"]
[Source "ChessBase"]
[SourceDate "2021.10.06"]
[SourceVersion "1"]
[SourceVersionDate "2021.10.06"]
[SourceQuality "1"]
[WhiteTeam "Praha Kobylisy"]
[BlackTeam "Tachov"]
[WhiteTeamCountry "CZE"]
[BlackTeamCountry "CZE"]

1. e4 d5 2. exd5 Qxd5 3. Nc3 Qa5 4. d4 Nf6 5. Nf3 Bg4 6. h3 Bh5 7. g4 Bg6 8. Ne5 e6 9. Bd2 Nbd7 10. Nxg6 hxg6 11. Bg2 Qb6 12. g5 Ng8 13. Qf3 c6 14. Ne4 Qb5 15. 0-0-0 Qf5 16. Qe2 0-0-0 17. c4 Nb6 18. Ng3 1-0

[Event "CZE-chT2A 1314"]
[Site "Czech Republic"]
[Date "2014.03.02"]
[Round "9.6"]
[White "Ptak, Pavel"]
[Black "Sedlacek, Jiri"]
[Result "0-1"]
[WhiteElo "2163"]
[BlackElo "2047"]
[PlyCount "150"]
[EventDate "2013.11.03"]
[EventType "team-tourn"]
[EventRounds "11"]
[EventCountry "CZE"]
[SourceTitle "EXT 2015"]
[Source "ChessBase"]
[SourceDate "2014.11.20"]
[SourceVersion "1"]
[SourceVersionDate "2014.11.20"]
[SourceQuality "1"]
[WhiteTeam "Pisek"]
[BlackTeam "Tachov"]
[WhiteTeamCountry "CZE"]
[BlackTeamCountry "CZE"]

1. d4 Nf6 2. g3 e6 3. Bg2 d5 4. Nf3 Be7 5. c4 0-0 6. 0-0 Nbd7 7. b3 c6 8. Bb2 Ne4 9. Nfd2 Nxd2 10. Nxd2 f5 11. e3 Nf6 12. Qc2 Bd7 13. Nf3 Be8 14. Ne5 Bg6 15. Nxg6 hxg6 16. f3 Rc8 17. c5 Qe8 18. Rae1 Qf7 19. b4 a6 20. Qc1 Nd7 21. e4 Rce8 22. Bc3 Bf6 23. e5 Bd8 24. Bd2 Qe7 25. h4 Qf7 26. Bf4 Be7 27. Rf2 Ra8 28. Bf1 Rfc8 29. Rc2 Nf8 30. Bd3 Nh7 31. Kg2 Qe8 32. Rb2 Qd8 33. Rh1 Qe8 34. Qd2 Qf7 35. a4 Bd8 36. Ra2 Qd7 37. Be3 Be7 38. Rb1 Qc7 39. Qc1 Nf8 40. Rab2 Rcb8 41. Qd2 Rc8 42. Kh3 Kf7 43. Qc1 Bd8 44. b5 axb5 45. axb5 Rcb8 46. Qc3 Nd7 47. Qd2 Nf8 48. Bg5 Bxg5 49. Qxg5 Nh7 50. Qd2 Nf8 51. Rb3 Nd7 52. Rb4 Nf8 53. Qc1 Nd7 54. R1b2 Qa5 55. g4 Qd8 56. gxf5 gxf5 57. Rg2 Qh8 58. Be2 Qh6 59. Qxh6 gxh6 60. f4 Rg8 61. Rxg8 Kxg8 62. bxc6 bxc6 63. Rb7 Nf8 64. Rb4 Ra3+ 65. Kg2 Ng6 66. Rb8+ Kg7 67. Rb7+ Kf8 68. Rh7 Nxf4+ 69. Kf1 Ra1+ 70. Kf2 Ra2 71. Rxh6 Nxe2 72. Rf6+ Ke7 73. h5 Nf4+ 74. Kf3 Nxh5 75. Rh6 Ra3+ 0-1

[Event "CZE-chT2A 1314"]
[Site "Czech Republic"]
[Date "2013.12.15"]
[Round "4.7"]
[White "Sedlacek, Jiri"]
[Black "Misicko, Jan"]
[Result "1/2-1/2"]
[WhiteElo "2047"]
[BlackElo "2064"]
[PlyCount "72"]
[EventDate "2013.11.03"]
[EventType "team-tourn"]
[EventRounds "11"]
[EventCountry "CZE"]
[SourceTitle "EXT 2015"]
[Source "ChessBase"]
[SourceDate "2014.11.20"]
[SourceVersion "1"]
[SourceVersionDate "2014.11.20"]
[SourceQuality "1"]
[WhiteTeam "Tachov"]
[BlackTeam "Kladno"]
[WhiteTeamCountry "CZE"]
[BlackTeamCountry "CZE"]

1. e4 c5 2. Nf3 e6 3. d4 cxd4 4. Nxd4 Nf6 5. Nc3 d6 6. Be2 Nc6 7. 0-0 Be7 8. Be3 Qc7 9. f4 a6 10. Qe1 Nxd4 11. Bxd4 e5 12. Be3 Be6 13. Kh1 Bc4 14. Rd1 0-0 15. Bxc4 Qxc4 16. fxe5 dxe5 17. Bg5 Rad8 18. Qg3 Rxd1 19. Rxd1 Rd8 20. Re1 Qe6 21. Bxf6 Bxf6 22. Nd5 Rc8 23. Nxf6+ Qxf6 24. c3 Rd8 25. Qe3 Qd6 26. h3 Qd2 27. Qe2 b5 28. a3 Kf8 29. Kg1 Ke7 30. Qf2 Rd6 31. Qg3 Kf8 32. Qf2 Ke8 33. Qg3 f6 34. Qf2 Kd7 35. Qa7+ Ke6 36. Rf1 Qg5 1/2-1/2

[Event "CZE-chT2A 1213"]
[Site "Czech Republic"]
[Date "2013.02.17"]
[Round "9.6"]
[White "Krejcik, Jiri"]
[Black "Sedlacek, Jiri"]
[Result "1-0"]
[WhiteElo "2131"]
[BlackElo "2009"]
[PlyCount "58"]
[EventDate "2012.10.14"]
[EventType "team-tourn"]
[EventRounds "11"]
[EventCountry "CZE"]
[SourceTitle "EXT 2015"]
[Source "ChessBase"]
[SourceDate "2014.11.20"]
[SourceVersion "1"]
[SourceVersionDate "2014.11.20"]
[SourceQuality "1"]
[WhiteTeam "Karlovy Vary"]
[BlackTeam "Tachov"]
[WhiteTeamCountry "CZE"]
[BlackTeamCountry "CZE"]

1. e4 c5 2. Nf3 d6 3. d4 cxd4 4. Nxd4 Nf6 5. Nc3 a6 6. Be2 e5 7. Nb3 Be6 8. 0-0 Be7 9. f4 exf4 10. Bxf4 Nc6 11. Qe1 0-0 12. Rd1 Qc7 13. Nd5 Bxd5 14. exd5 Ne5 15. c3 Rfe8 16. Bd3 Nxd3 17. Rxd3 Bf8 18. Qd1 Qc4 19. Bg5 Nd7 20. Nc1 Ne5 21. Rd4 Qc7 22. Nd3 Qb6 23. b3 Rac8 24. Qd2 Be7 25. Be3 Ng4 26. Rxg4 Qa5 27. Bd4 g6 28. Qh6 Bf8 29. Qf4 Be7 1-0

[Event "Marianske Lazne op 12th"]
[Site "Marianske Lazne"]
[Date "2013.01.24"]
[Round "7"]
[White "Sedlacek, Jiri"]
[Black "Ilandzis, Spyridon"]
[Result "1-0"]
[WhiteElo "2009"]
[BlackElo "2172"]
[PlyCount "103"]
[EventDate "2013.01.19"]
[EventType "swiss"]
[EventRounds "9"]
[EventCountry "CZE"]
[SourceTitle "CBM 152 Extra"]
[Source "ChessBase"]
[SourceDate "2013.02.25"]
[SourceVersion "1"]
[SourceVersionDate "2013.02.25"]
[SourceQuality "1"]

1. c4 b6 2. Nc3 e6 3. e4 Bb7 4. Nge2 Nf6 5. d3 c5 6. g3 d5 7. exd5 exd5 8. Bg2 Be7 9. 0-0 Qd7 10. Bg5 dxc4 11. Bxb7 Qxb7 12. dxc4 0-0 13. Nf4 Nc6 14. Qf3 h6 15. Bxf6 Bxf6 16. Nfd5 Be5 17. Rfe1 Rfe8 18. Rad1 Qc8 19. Nb5 Re6 20. Kh1 Rb8 21. Qh5 Bxb2 22. Ndc7 Rxe1+ 23. Rxe1 Qd7 24. Qd5 Rd8 25. Re8+ Qxe8 26. Nxe8 Rxd5 27. cxd5 Nd8 28. Nxa7 c4 29. Nb5 c3 30. Nd4 Ba3 31. Nc7 Bc5 32. Ncb5 Kf8 33. Kg2 Ke7 34. Kf3 Nb7 35. Nc6+ Kf6 36. Nxc3 g5 37. Ne4+ Kf5 38. g4+ Kg6 39. Ne5+ Kg7 40. Nxc5 bxc5 41. Nd7 Kg6 42. Ke3 h5 43. h3 hxg4 44. hxg4 f5 45. f3 fxg4 46. fxg4 Kf7 47. Ke4 Nd6+ 48. Kd3 c4+ 49. Kd4 Ke7 50. Ne5 c3 51. Kxc3 Kf6 52. Nc4 1-0

[Event "Marianske Lazne op 12th"]
[Site "Marianske Lazne"]
[Date "2013.01.22"]
[Round "5"]
[White "Sedlacek, Jiri"]
[Black "Larsen, Flemming Bo"]
[Result "1/2-1/2"]
[WhiteElo "2009"]
[BlackElo "2242"]
[PlyCount "42"]
[EventDate "2013.01.19"]
[EventType "swiss"]
[EventRounds "9"]
[EventCountry "CZE"]
[SourceTitle "CBM 152 Extra"]
[Source "ChessBase"]
[SourceDate "2013.02.25"]
[SourceVersion "1"]
[SourceVersionDate "2013.02.25"]
[SourceQuality "1"]

1. c4 c5 2. Nc3 Nc6 3. g3 g6 4. Bg2 Bg7 5. d3 Nf6 6. e4 0-0 7. Nge2 Ne8 8. 0-0 Nc7 9. Be3 Ne6 10. Rb1 d6 11. a3 a5 12. f4 Ned4 13. h3 Rb8 14. a4 e6 15. Kh2 b6 16. Qd2 Bb7 17. Bg1 Qd7 18. b3 Rfe8 19. Nxd4 Nxd4 20. Ne2 Nxe2 21. Qxe2 d5 1/2-1/2

[Event "Marianske Lazne op 12th"]
[Site "Marianske Lazne"]
[Date "2013.01.20"]
[Round "2"]
[White "Volodin, Viktor Nikolaevich"]
[Black "Sedlacek, Jiri"]
[Result "1-0"]
[WhiteElo "2200"]
[BlackElo "2009"]
[PlyCount "105"]
[EventDate "2013.01.19"]
[EventType "swiss"]
[EventRounds "9"]
[EventCountry "CZE"]
[SourceTitle "CBM 152 Extra"]
[Source "ChessBase"]
[SourceDate "2013.02.25"]
[SourceVersion "1"]
[SourceVersionDate "2013.02.25"]
[SourceQuality "1"]

1. Nf3 Nf6 2. c4 g6 3. d4 Bg7 4. g3 0-0 5. Bg2 d5 6. cxd5 Nxd5 7. 0-0 Nb6 8. Nc3 Nc6 9. e3 Re8 10. Ne1 e5 11. d5 Na5 12. e4 c6 13. Nc2 cxd5 14. exd5 Nac4 15. b3 Nd6 16. Bb2 Bd7 17. Ne3 Rc8 18. Qd2 Qg5 19. Rad1 f5 20. f4 exf4 21. gxf4 Qh4 22. Rde1 Bh6 23. Qd4 Bg7 24. Qd2 Bh6 25. Ne2 Qe7 26. Be5 Bg7 27. Nd4 Ne4 28. Bxe4 fxe4 29. d6 Qf7 30. Qg2 Be6 31. Nef5 gxf5 32. Nxf5 Qg6 33. Nxg7 Qxg2+ 34. Kxg2 Rf8 35. Nxe6 Rf5 36. Nd4 Rh5 37. Kg3 Nd7 38. Nc6 Rxc6 39. Rxe4 Kf7 40. Rd1 Rc2 41. Bd4 Rcxh2 42. Re7+ Kg6 43. f5+ Kg5 44. Be3+ Kxf5 45. Rd5+ Kg6 46. Rxh5 Rxh5 47. Rxd7 Rd5 48. Rxb7 Rxd6 49. Rxa7 h5 50. Ra5 Rd3 51. Kf4 h4 52. Ra6+ Kh5 53. Kf3 1-0

[Event "Kesarovski Georgiev Memorial 11th"]
[Site "Sunny Beach"]
[Date "2012.09.09"]
[Round "9"]
[White "Sedlacek, Jiri"]
[Black "Ivanov, Bogidar"]
[Result "0-1"]
[WhiteElo "2026"]
[BlackElo "2206"]
[PlyCount "74"]
[EventDate "2012.09.01"]
[EventType "swiss"]
[EventRounds "9"]
[EventCountry "BUL"]
[SourceTitle "CBM 150 Extra"]
[Source "ChessBase"]
[SourceDate "2012.10.19"]
[SourceVersion "1"]
[SourceVersionDate "2012.10.19"]
[SourceQuality "1"]

1. c4 c5 2. Nc3 Nc6 3. g3 g6 4. Bg2 Bg7 5. d3 d6 6. e4 Nf6 7. Nge2 Bd7 8. h3 Qc8 9. Be3 Rb8 10. Qd2 h5 11. f4 a6 12. Rc1 b6 13. d4 cxd4 14. Nxd4 Nxd4 15. Qxd4 Bc6 16. Qd3 0-0 17. 0-0 Qb7 18. Rf2 Nd7 19. Nd5 Nc5 20. Qe2 e6 21. Nb4 Bxe4 22. Rd1 Bxg2 23. Rxg2 Rfd8 24. g4 hxg4 25. hxg4 a5 26. Nd3 Ne4 27. Ne1 b5 28. Bd4 Bxd4+ 29. Rxd4 Qb6 30. Qxe4 e5 31. Nf3 exd4 32. f5 Re8 33. Qf4 d3+ 34. Nd4 d5 35. f6 Re4 36. c5 Rxf4 37. cxb6 Rxd4 0-1

[Event "CZE-chT2A 1112"]
[Site "Czech Republic"]
[Date "2011.11.06"]
[Round "2"]
[White "Sedlacek, Jiri"]
[Black "Pech, Bretislav"]
[Result "1/2-1/2"]
[WhiteElo "2041"]
[BlackElo "1981"]
[PlyCount "150"]
[EventDate "2011.10.09"]
[EventType "team-tourn"]
[EventRounds "11"]
[EventCountry "CZE"]
[SourceTitle "EXT 2013"]
[Source "ChessBase"]
[SourceDate "2012.11.22"]
[SourceVersion "1"]
[SourceVersionDate "2012.11.22"]
[SourceQuality "1"]
[WhiteTeam "Plzen Letna"]
[BlackTeam "Klatovy"]
[WhiteTeamCountry "CZE"]
[BlackTeamCountry "CZE"]

1. c4 c5 2. Nc3 Nc6 3. g3 g6 4. Bg2 Bg7 5. d3 d6 6. e3 e5 7. Nge2 Nge7 8. 0-0 0-0 9. a3 Rb8 10. Rb1 Be6 11. Nd5 b5 12. Nxe7+ Nxe7 13. cxb5 Rxb5 14. d4 Bb3 15. Qd2 Nf5 16. dxc5 dxc5 17. Nc3 Rb6 18. Qe2 Qd7 19. Ne4 Rc8 20. Nc3 Qe6 21. Re1 Bc4 22. Qf3 Bd3 23. Ra1 e4 24. Nxe4 Bxb2 25. Ng5 Qe7 26. Bxb2 Rxb2 27. h4 c4 28. Qd5 h6 29. Nh3 Rd8 30. Qa5 Rdb8 31. Nf4 Be4 32. Nd5 Bxd5 33. Qxd5 Qf6 34. Qf3 Qe5 35. h5 c3 36. Rac1 c2 37. hxg6 fxg6 38. Qc6 Ne7 39. Qc4+ Kg7 40. Be4 Rc8 41. Qd4 Qxd4 42. exd4 Nc6 43. Rxc2 Rxc2 44. Bxc2 Nxd4 45. Be4 Rc7 46. Kg2 Kf6 47. Rd1 Ne6 48. f4 Rc4 49. Bb1 Rc3 50. Rd3 Rxd3 51. Bxd3 Nc5 52. Bc2 g5 53. Kf3 h5 54. Ke3 Ne6 55. Ke4 gxf4 56. gxf4 h4 57. Bd1 h3 58. Bg4 h2 59. Bf3 Nc5+ 60. Kd5 Ne6 61. Kd6 Nxf4 62. Kc7 Ke7 63. Kb7 Kd6 64. Kxa7 Kc5 65. Ka6 Nd5 66. Ka5 Nc3 67. Ka6 Nb1 68. a4 Nd2 69. Bg2 Nb3 70. Kb7 Kb4 71. Kc6 Kxa4 72. Kd5 Kb4 73. Ke4 Kc3 74. Ke3 Nd2 75. Bb7 Nc4+ 1/2-1/2

[Event "Sunny Beach op 10th"]
[Site "Sunny Beach"]
[Date "2011.09.03"]
[Round "8"]
[White "Angelov, Angel Y"]
[Black "Sedlacek, Jiri"]
[Result "0-1"]
[WhiteElo "2203"]
[BlackElo "2025"]
[PlyCount "62"]
[EventDate "2011.08.27"]
[EventType "swiss"]
[EventRounds "9"]
[EventCountry "BUL"]
[SourceTitle "CBM 144 Extra"]
[Source "ChessBase"]
[SourceDate "2011.10.28"]
[SourceVersion "1"]
[SourceVersionDate "2011.10.28"]
[SourceQuality "1"]

1. e4 d5 2. exd5 Qxd5 3. Nc3 Qa5 4. d4 Nf6 5. Bc4 Bg4 6. f3 Bf5 7. Bd2 Qb6 8. Nge2 e6 9. a4 a6 10. Bb3 Nc6 11. a5 Qa7 12. g4 Bg6 13. h4 h6 14. Ra4 0-0-0 15. Qc1 e5 16. d5 Nd4 17. Be3 Bc5 18. Kf2 Bxc2 19. Bxc2 Nxc2 20. Bxc5 Qxc5+ 21. Kg3 Nd4 22. Nxd4 exd4 23. Ne4 Qxd5 24. Nxf6 gxf6 25. Qf4 Qe5 26. Rd1 Rhe8 27. Raxd4 Rxd4 28. Rxd4 Qe1+ 29. Kh3 Qh1+ 30. Kg3 Qg1+ 31. Kh3 Re2 0-1

[Event "Sunny Beach op 10th"]
[Site "Sunny Beach"]
[Date "2011.08.31"]
[Round "5"]
[White "Sedlacek, Jiri"]
[Black "Pencheva, Iva"]
[Result "1-0"]
[WhiteElo "2025"]
[BlackElo "1710"]
[PlyCount "67"]
[EventDate "2011.08.27"]
[EventType "swiss"]
[EventRounds "9"]
[EventCountry "BUL"]
[SourceTitle "CBM 144 Extra"]
[Source "ChessBase"]
[SourceDate "2011.10.28"]
[SourceVersion "1"]
[SourceVersionDate "2011.10.28"]
[SourceQuality "1"]

1. c4 e5 2. Nc3 Nf6 3. g3 Nc6 4. Bg2 d6 5. d3 Be6 6. Nf3 Be7 7. 0-0 0-0 8. h3 h6 9. a3 Qd7 10. Kh2 d5 11. cxd5 Nxd5 12. Qc2 Nxc3 13. bxc3 f5 14. Rd1 Bf7 15. d4 e4 16. d5 Rad8 17. Ne1 Bf6 18. Rb1 Na5 19. c4 c6 20. Bd2 b6 21. Bb4 Rfe8 22. Bxa5 bxa5 23. d6 Rb8 24. c5 Bd5 25. e3 Rec8 26. Bf1 Qf7 27. Ba6 Rd8 28. Rxd5 cxd5 29. Rxb8 Rxb8 30. c6 Rb2 31. Qc1 Be5 32. Kg1 Ra2 33. c7 Ra1 34. c8Q+ 1-0

[Event "CZE-chT2A 1011"]
[Site "Czech Republic"]
[Date "2011.02.20"]
[Round "8"]
[White "Krch, Lukas"]
[Black "Sedlacek, Jiri"]
[Result "1-0"]
[WhiteElo "1923"]
[BlackElo "2074"]
[PlyCount "55"]
[EventDate "2010.10.17"]
[EventType "team-tourn"]
[EventRounds "11"]
[EventCountry "CZE"]
[SourceTitle "EXT 2012"]
[Source "ChessBase"]
[SourceDate "2011.11.24"]
[SourceVersion "1"]
[SourceVersionDate "2011.11.24"]
[SourceQuality "1"]
[WhiteTeam "Tabor II"]
[BlackTeam "Plzen Letna"]
[WhiteTeamCountry "CZE"]
[BlackTeamCountry "CZE"]

1. e4 c5 2. Nf3 e6 3. c3 Nf6 4. e5 Nd5 5. d4 cxd4 6. cxd4 Nc6 7. Nc3 d6 8. Nxd5 exd5 9. Bd3 Be7 10. 0-0 0-0 11. h3 Re8 12. Qb3 dxe5 13. dxe5 a6 14. Bf4 b5 15. Rac1 Bb7 16. Qc2 g6 17. e6 Nb4 18. exf7+ Kxf7 19. Bxg6+ Kg7 20. Qf5 hxg6 21. Be5+ Kh6 22. Qf4+ g5 23. Qf7 Rg8 24. Nd4 Bc8 25. Rxc8 Qxc8 26. g4 Rg6 27. Bg7+ Rxg7 28. Qh5# 1-0

[Event "Novy Bor op"]
[Site "Novy Bor"]
[Date "2011.02.16"]
[Round "5"]
[White "Gajdamowicz, Patrick"]
[Black "Sedlacek, Jiri"]
[Result "1/2-1/2"]
[WhiteElo "1661"]
[BlackElo "2031"]
[PlyCount "35"]
[EventDate "2011.02.12"]
[EventType "swiss"]
[EventRounds "9"]
[EventCountry "CZE"]
[SourceTitle "CBM 140 Extra"]
[Source "ChessBase"]
[SourceDate "2011.03.01"]
[SourceVersion "1"]
[SourceVersionDate "2011.03.01"]
[SourceQuality "1"]

1. d4 Nf6 2. c4 c5 3. d5 e5 4. Nc3 d6 5. e4 Be7 6. Bd3 0-0 7. Nge2 Nbd7 8. 0-0 a6 9. g3 g6 10. f4 exf4 11. gxf4 Ne8 12. Ng3 Ng7 13. Re1 Bf6 14. Bf1 Re8 15. Qd3 Bd4+ 16. Be3 Bxe3+ 17. Rxe3 Kh8 18. Bh3 1/2-1/2